| 000 | 00333cam a22001097a 4500 | ||
|---|---|---|---|
| 008 | 180718b1957 xxu||||| |||| 00| 0 eng d | ||
| 082 | _aT19x458 Un3 | ||
| 245 |
_aReport of the Economic Commission: Malta _cby Colonial Office |
||
| 260 |
_aLondon _bHer Majesty's Stationery Office _c1957 |
||
| 300 | _a35p | ||
| 700 | _aU.K. Colonial Office | ||
| 999 |
_c421939 _d421939 |
||